000 00639nam a22001457a 4500
020 _a978-1-4169-6170-3
082 _a823
_bDIX/H
100 _aDIXON, FRANKLIN, W
245 _aTHE HARDY BOYS - DEPRIVATION HOUSE
260 _aNEW YORK
_bALADDIN PAPERBACKS
_c2008
300 _a161
520 _aTo join the cast of a new reality show called Deprivation House - featuring a group of teens competing to see who can survive the longest without modern luxuries - and to determine who's behind the death threats received by other contestants. LOCATION: A huge villa in Beverly Hills, CA.
650 _aMYSTERY HOUSE
_zUNITED STATES
942 _cBK
999 _c7792
_d7792